| 000 | 00381nam a22001337a 4500 | ||
|---|---|---|---|
| 020 | _aNA | ||
| 082 |
_222 _a005.1 |
||
| 100 | _aPressman, Roger S. | ||
| 245 | _aSoftware engineeering and Practitioner's apperoach / | ||
| 250 | _a5th | ||
| 260 |
_aMc graw hill higher Education, _bMc graw hill higher Education, _cc2001 |
||
| 300 |
_axxviii, 860 p, ; _bNA _c24cm. |
||
| 942 |
_2ddc _cIT _02 |
||
| 999 |
_c3538 _d3538 |
||